A Very Brady Picture Click Quiz Stats

 Plays Quiz not verified by Sporcle

Support Sporcle.
Go Orange.
Score 0/9 Timer 00:30
0 Plays Today
% Correct
Marcia
93.1%
Cindy
92.3%
Carol
91.3%
Alice
91.1%
Greg
90.6%
Jan
90.1%
Mike
90%
Peter
89.7%
Bobby
89.7%

You're not logged in!

Compare scores with friends on all Sporcle quizzes.
OR
Log In

From the Vault

Consecutive Letter State Abbreviations

by titanjmg

Postal workers, this one should be a breeze.
Remove Ads.
Support Sporcle.
Get the best of Sporcle when you Go Orange. This ad-free experience offers more features, more stats, and more fun while also helping to support Sporcle. Thank you for becoming a member.

Show Comments

Extras

Created Feb 2, 2016ReportNominate
Tags:Sitcom Quiz, TV Show Quiz, 1970s

Top Quizzes Today


Score Distribution

Your Account Isn't Verified!

In order to create a playlist on Sporcle, you need to verify the email address you used during registration. Go to your Sporcle Settings to finish the process.

Report this User

Report this user for behavior that violates our Community Guidelines.

Details: